Los alcances del Derecho Internacional Sus rangos normativos, su eficacia y su ineficacia /

Detalles Bibliográficos
Autor principal: Haba, Enrique P.
Formato: eBook
Lenguaje:español
Publicado: Lima: Palestra Editores, 2021
Materias:
Acceso en línea:Acceso restringido

MARC

LEADER 00000nam a22000007a 4500
005 20220822223449.0
007 cr|||| ||||
008 220822s2021 pe |||||s|||| 00||0 spa d
020 |a 9789123251925 
035 |a 36919 
040 |a vLex 
090 |c 13775  |d 13775 
100 1 |a Haba, Enrique P. 
245 1 3 |a Los alcances del Derecho Internacional  |h [Recurso electrn̤ico] :  |b Sus rangos normativos, su eficacia y su ineficacia /  |c Enrique P. Haba 
256 |a Servicio en ln̕ea 
260 |a Lima:  |b Palestra Editores,  |c 2021 
300 |a 1 recurso electrn̤ico 
500 |a El presente trabajo va dirigido a dilucidar qu ̌normas jurd̕icas tienen supremaca̕, ya sea de acuerdo con doctrinas jurd̕icas o en la prc̀tica, por cuanto hace a las relaciones entre el Derecho Internacional y los Derechos internos. Cm̤o sean vistas las relaciones de jerarqua̕ entre ambas instancias depende, antes que nada, de cul̀ entre cuatro diferentes planos de pensamiento sea encarado ah:̕ lg̤ico-formal, jurd̕ico-positivo, hechos, valoraciones. Este estudio procura: a) llamar la atencin̤ sobre las diferencias bs̀icas entre esos planos epistemolg̤icos, b) examinar alternativas dadas en el seno de cada uno de estos, c) poner de relieve qu ̌consecuencias prc̀ticas corresponden a ello en la realidad social y polt̕ica efectivas. 
506 1 |a Disponible solo en los productos indicados  |d vLex Global  |d vLex Global (Academic Edition, excluding Law Schools)  |d vLex Global (U.S. Academic Edition, Law Schools)  |d vLex Global (U.S. Academic Edition, excluding Law Schools)  |d vLex Global (Academic Edition, Law Schools) 
650 0 4 |a Derecho Internacional  |z Per︢ 
650 0 4 |a Economa̕ Espaǫla  |z Per︢ 
740 0 |a vLex Libros (Servicio en ln̕ea) 
856 4 0 |u https://app.vlex.com/#/sources/36919  |z Acceso restringido 
942 |c BOOK 
999 0 |a International Law 
999 0 |a Spanish Economy